[Event "Springs"]
[Site "SchemingMind.com"]
[Date "2023.04.24"]
[Round "-"]
[White "Arnold Jones"]
[Black "Clive Everill"]
[Result "1-0"]
[WhiteCountry "ENG"]
[BlackCountry "CZE"]
[WhiteElo "1581"]
[WhiteRD "62"]
[BlackElo "1606"]
[BlackRD "58"]
[GameID "733444"]

1. d4 f5 2. Nf3 d6 3. Nc3 Nf6 4. Bf4 g6 5. Nd2 Bg7 6. Nb3 O-O 7. g3 Re8 8. Bg2 c6 9. O-O Nbd7 10. e4 e5
11. dxe5 dxe5 12. Bg5 f4 13. Qe2 Qc7 14. Qc4+ Kh8 15. Bxf6 Nxf6 16. Bf3 Be6 17. Nd5 Qf7 18. Rad1 cxd5 19. exd5 Bh3 20. Bg2 Rac8
21. Qd3 Bf5 22. Qb5 Bxc2 23. Rc1 Bxb3 24. Qxb3 Rxc1 25. Rxc1 Rd8 26. Re1 Nxd5 27. Be4 Qc7 28. Bxd5 fxg3 29. hxg3 b6 30. Re4 Qc1+
31. Kg2 Qd2 32. Bc4 Rf8 33. Re2 Qd4 34. Bd3 Rd8 35. Be4 g5 36. g4 Bf6 37. Qf7 Qd7 38. Qxf6+ Kg8 39. Qxg5+ Kh8 40. Qxe5+ Kg8
41. Re3 Re8 42. Bd5+
1-0

[Event "Springs"]
[Site "SchemingMind.com"]
[Date "2023.04.24"]
[Round "-"]
[White "kenneth m day"]
[Black "Arnold Jones"]
[Result "0-1"]
[WhiteCountry "USA"]
[BlackCountry "ENG"]
[WhiteElo "1682"]
[WhiteRD "62"]
[BlackElo "1603"]
[BlackRD "66"]
[GameID "733445"]

1. e4 e5 2. Nf3 Nc6 3. c3 Nf6 4. d4 Nxe4 5. d5 Nxf2 6. Kxf2 Bc5+ 7. Be3 Bxe3+ 8. Kxe3 Qf6 9. dxc6 d6 10. Bd3 g5
11. Rf1 Qh6 12. Ke2 g4 13. Nxe5 Qe6 14. Kf2 dxe5 15. Nd2 Qxc6 16. Kg1 Qh6 17. Ne4 f5 18. Ng3 f4 19. Nf5 Bxf5 20. Bxf5 Rd8
21. Qa4+ c6 22. Rfe1 O-O 23. Bxg4 Qg7 24. Bf3 b5 25. Qb3+ Kh8 26. Re4 Rd3 27. Rf1 Rg8 28. Qc2 Rgd8 29. Re2 Qe7 30. Bxc6 Qc5+
31. Kh1 Qxc6 32. h3 Rxh3+ 33. Kg1 Qc5+ 34. Ref2 Rg8 35. Qe4 f3 36. Re1 Rxg2+
0-1

[Event "Springs"]
[Site "SchemingMind.com"]
[Date "2023.04.24"]
[Round "-"]
[White "Arnold Jones"]
[Black "kenneth m day"]
[Result "0-1"]
[WhiteCountry "ENG"]
[BlackCountry "USA"]
[WhiteElo "1603"]
[WhiteRD "66"]
[BlackElo "1682"]
[BlackRD "62"]
[GameID "733446"]

1. d4 Nf6 2. c4 e6 3. Nf3 d5 4. Nc3 c5 5. e3 Nc6 6. Bd3 Bd7 7. O-O dxc4 8. Bxc4 Be7 9. d5 exd5 10. Nxd5 O-O
11. b3 Nxd5 12. Bxd5 Qc7 13. Bb2 Rad8 14. Qe2 Be6 15. Bxc6 Qxc6 16. Rac1 Rfe8 17. Ne5 Qe4 18. Qb5 Bd5 19. Nf3 Bc6 20. Qe2 a6
21. Rc4 Qd5 22. e4 Qd3 23. Qxd3 Rxd3 24. Ne5 Rd2 25. Nxc6 bxc6 26. Rb1 h6 27. a3 Red8 28. f3 Rd1+ 29. Rxd1 Rxd1+ 30. Kf2 Rd2+
31. Kg3 Rxb2 32. b4 cxb4 33. axb4 Bxb4 34. Rxc6 a5 35. Ra6 Ra2 36. e5 a4 37. e6 fxe6 38. Rxe6 a3 39. Re4 Bf8 40. Ra4 Rb2
41. h4 Be7 42. Rxa3 Bxa3 43. Kh3 Kf7 44. h5 Kf6 45. f4 Kf5 46. g3 Rb3 47. Kh4 Rb1 48. Kh3 Rb2
0-1

[Event "Springs"]
[Site "SchemingMind.com"]
[Date "2023.04.24"]
[Round "-"]
[White "ray winteringham"]
[Black "Arnold Jones"]
[Result "1-0"]
[WhiteCountry "ENG"]
[BlackCountry "ENG"]
[WhiteElo "1456"]
[WhiteRD "46"]
[BlackElo "1562"]
[BlackRD "60"]
[GameID "733447"]

1. e4 Nc6 2. d4 d5 3. e5 Bf5 4. a3 e6 5. h3 Be7 6. Nc3 g5 7. g4 Bg6 8. Bg2 h5 9. gxh5 Bxh5 10. Bf3 Bg6
11. Be3 Bf8 12. Qe2 Qd7 13. O-O-O Bh6 14. h4 Qe7 15. hxg5 Bg7 16. Rxh8 Bxh8 17. Bg2 Qd7 18. f4 Nge7 19. Na2 Nf5 20. Nf3 Ng3
21. Qf2 Ne4 22. Qh4 Bg7 23. Qe1 O-O-O 24. Nc3 Ne7 25. Nh4 Bh5 26. Bf3 Bxf3 27. Nxf3 Nxc3 28. Qxc3 Nf5 29. Kb1 Qb5 30. Bd2 Ng3
31. Re1 Rh8 32. Qb4 Qxb4 33. Bxb4 Nf5 34. Ka2 Rh3 35. Nd2 Nxd4 36. c3 Nc2 37. Rg1 Nxb4+ 38. axb4 Bf8 39. Nb3 b6 40. Rf1 c5
41. b5 Kd8 42. Nc1 Re3 43. Rf2 c4 44. Ne2 Bc5 45. Rg2 Ke8 46. Kb1 Rf3 47. g6 fxg6 48. Rxg6 Kd7 49. Rg7+ Be7 50. Nd4 Rxf4
51. Nc6 Re4 52. Rxe7+ Kc8 53. Nxa7+ Kd8 54. Nc6+ Kc8 55. Rxe6 Re3 56. Rd6 Rd3 57. e6 d4 58. e7 Re3 59. Rd8+ Kc7 60. e8=Q Rxe8
61. Rxe8 dxc3 62. bxc3 Kd6 63. Re5
1-0

[Event "Springs"]
[Site "SchemingMind.com"]
[Date "2023.04.24"]
[Round "-"]
[White "Arnold Jones"]
[Black "ray winteringham"]
[Result "1-0"]
[WhiteCountry "ENG"]
[BlackCountry "ENG"]
[WhiteElo "1562"]
[WhiteRD "60"]
[BlackElo "1456"]
[BlackRD "46"]
[GameID "733448"]

1. d4 d5 2. Nf3 e6 3. g3 h6 4. Bg2 Be7 5. O-O Nf6 6. Bd2 Bd7 7. b4 O-O 8. a4 c6 9. Na3 Na6 10. c3 Nc7
11. Nc2 b5 12. a5 a6 13. Nfe1 Bd6 14. f4 Nh7 15. e4 Ne8 16. e5 Be7 17. Ne3 f6 18. Nf3 f5 19. Be1 g6 20. h4 Ng7
21. Ra2 Be8 22. Nh2 h5 23. Bf3 Qc7 24. Rg2 Kh8 25. Be2 Bf7 26. Nf3 Rac8 27. Ng5 Bxg5 28. hxg5 Kg8 29. g4 hxg4 30. Rh2 Nh5
31. Ng2 Kg7 32. Rh4 Rh8 33. Qd3 Rcg8 34. Bf2 g3 35. Bxg3 Kf8 36. Bh2 Ke7 37. Bxh5 gxh5 38. Rf3 Nf8 39. Rhh3 Ng6 40. Nh4 Nxh4
41. Rxh4 Bg6 42. Kf2 Qd7 43. Qe2 Kd8 44. Rfh3 Kc7= 45. Bg3 Qg7 46. Ke1 Qf7 47. Rh1 Qe7 48. R4h2 Qf7 49. Bh4 Qe8 50. Kd2 Kd7
51. Rc1 Rg7 52. Be1 Rgh7 53. Bf2 h4 54. Rh3 Bh5 55. Qe1 Bg4 56. Rxh4 Rxh4 57. Bxh4 Rxh4 58. Qxh4 Qh5 59. Qxh5 Bxh5 60. Rh1 Bf7
61. Rh7 Ke8 62. Rh8+ Ke7 63. Ra8
1-0

[Event "Springs"]
[Site "SchemingMind.com"]
[Date "2023.04.22"]
[Round "-"]
[White "pawngrabber"]
[Black "Stephen Dunning"]
[Result "0-1"]
[WhiteCountry "ENG"]
[BlackCountry "WLS"]
[WhiteElo "1827"]
[WhiteRD "66"]
[BlackElo "1927"]
[BlackRD "71"]
[GameID "733453"]

1. d4 Nf6 2. c4 e6 3. Bg5 h6 4. Bxf6 Bb4+ 5. Nc3 Qxf6 6. Nf3 c5 7. e3 b6 8. Be2 Bb7 9. O-O O-O 10. Qc2 cxd4
11. Nxd4 Nc6 12. Nf3 Bxc3 13. Qxc3 Qxc3 14. bxc3 Rac8 15. Rad1 Rfd8 16. Rd6 Nb8 17. Rfd1 Rc6 18. Ne5 Rxd6 19. Rxd6 Kf8 20. f4 Ke7
21. c5 bxc5 22. Rd1 Nc6 23. Nxc6+ Bxc6 24. Rb1 d5 25. Kf2 c4 26. g4 f5 27. gxf5 exf5 28. Bh5 Kf6 29. Rg1 Be8 30. Bxe8 Rxe8
31. Rb1 Re7 32. Rb8 Rd7 33. a4 Rd6 34. Rb7 Ra6 35. Rb4 Rb6 36. Rxb6+ axb6 37. Kg3 g5 38. h3 Ke6 39. Kf3 Kd6 40. Ke2 gxf4
41. Kf3 fxe3 42. Kxe3 Ke5
0-1

[Event "Springs"]
[Site "SchemingMind.com"]
[Date "2023.04.23"]
[Round "-"]
[White "Stephen Dunning"]
[Black "pawngrabber"]
[Result "1/2-1/2"]
[WhiteCountry "WLS"]
[BlackCountry "ENG"]
[WhiteElo "1927"]
[WhiteRD "71"]
[BlackElo "1827"]
[BlackRD "66"]
[GameID "733454"]

1. d4 Nf6 2. Bf4 d5 3. e3 e6 4. Nf3 c5 5. Nbd2 Nc6 6. c3 c4 7. Be2 b5 8. O-O Be7 9. Qc2 Bb7 10. b3 O-O
11. Rfb1 Na5 12. bxc4 bxc4 13. Ne5 Ne8 14. Bf3 f6 15. Nexc4 dxc4 16. Bxb7 Nxb7 17. Rxb7 Nd6 18. Bxd6 Bxd6 19. Nxc4 Bxh2+ 20. Kxh2 Qd5
21. Rb4 Rfc8 22. Nd2 Qd6+ 23. Kg1 Qxb4 24. Qxh7+ Kxh7 25. cxb4 Rc2 26. Nb3=
1/2-1/2

[Event "Springs"]
[Site "SchemingMind.com"]
[Date "2023.04.23"]
[Round "-"]
[White "David Hartley"]
[Black "Stephen Dunning"]
[Result "1/2-1/2"]
[WhiteCountry "ENG"]
[BlackCountry "WLS"]
[WhiteElo "1707"]
[WhiteRD "75"]
[BlackElo "1888"]
[BlackRD "69"]
[GameID "733455"]

1. d4 Nf6 2. c4 g6 3. Nc3 d5 4. cxd5 Nxd5 5. e3 Bg7 6. Bc4 Nxc3 7. bxc3 c5 8. Nf3 O-O 9. O-O Qc7 10. Qb3 cxd4
11. cxd4 Nc6 12. Bd3 Bg4 13. Be2 Na5 14. Qd1 Rfd8 15. Bb2 Bxf3 16. Bxf3 Rac8 17. Rc1 Qd7 18. Rxc8 Rxc8 19. Be2 Nc4 20. Bxc4 Rxc4
21. Qd2 Qd5 22. Rd1 e5 23. dxe5 Qxd2 24. Rxd2 Bxe5 25. g3 Bxb2=
1/2-1/2

[Event "Springs"]
[Site "SchemingMind.com"]
[Date "2023.04.23"]
[Round "-"]
[White "Stephen Dunning"]
[Black "David Hartley"]
[Result "1-0"]
[WhiteCountry "WLS"]
[BlackCountry "ENG"]
[WhiteElo "1888"]
[WhiteRD "69"]
[BlackElo "1707"]
[BlackRD "75"]
[GameID "733456"]

1. d4 d5 2. c4 e5 3. dxe5 d4 4. Nf3 Nc6 5. Nbd2 Bg4 6. h3 Bxf3 7. Nxf3 Nge7 8. a3 Ng6 9. Qb3 Qc8 10. e3 dxe3
11. Qxe3 Qe6 12. b4 Ncxe5 13. Nxe5 Qxe5 14. Qxe5+ Nxe5 15. Bb2 f6 16. Be2 Be7 17. O-O O-O-O 18. Rae1 Kb8 19. f4 Nd7 20. Bg4 Rhe8
21. Rd1 Kc8 22. Rf2 Bf8 23. Rfd2 Re7 24. Bd4 b6 25. c5
1-0

[Event "Springs"]
[Site "SchemingMind.com"]
[Date "2023.04.24"]
[Round "-"]
[White "Clive Everill"]
[Black "Stephen Dunning"]
[Result "0-1"]
[WhiteCountry "CZE"]
[BlackCountry "WLS"]
[WhiteElo "1606"]
[WhiteRD "58"]
[BlackElo "1888"]
[BlackRD "69"]
[GameID "733457"]

1. Nf3 d5 2. e3 Nf6 3. c4 e6 4. b3 Bd6 5. Bb2 O-O 6. Qc2 Nc6 7. d3 Nb4 8. Qc3 c5 9. a3 Nc6 10. Be2 Bc7
11. O-O e5 12. Rd1 d4 13. exd4 exd4 14. Qd2 Bg4 15. Qg5 Qd6 16. g3 Rae8 17. Qd2 Rxe2 18. Qxe2 Re8 19. Qf1 Bxf3 20. Rd2 Na5
21. Ra2 Nxb3 22. Rc2 Na5 23. a4 Nc6 24. Ba3 a5 25. Rd2 Nb4 26. Rab2 Bc6 27. Bxb4 axb4 28. Re2 Bxa4 29. Rxe8+ Bxe8 30. Ra2 b5
31. cxb5 Qd5 32. Ra7 Bd8 33. Nd2 Bxb5 34. Nc4 Bc6 35. f3 h6 36. Nd2 Nd7 37. Ne4 Bb6 38. Ra1 Bb5 39. Kg2 Qb3 40. Rd1 Ne5
41. Nd6 Bxd3 42. Qg1 Nxf3 43. Kxf3 Bc2+ 44. Rd3 Qxd3+ 45. Kg2 Qe2+ 46. Kh3 Qh5+ 47. Kg2 Qd5+
0-1

[Event "Springs"]
[Site "SchemingMind.com"]
[Date "2023.04.24"]
[Round "-"]
[White "Stephen Dunning"]
[Black "Clive Everill"]
[Result "1-0"]
[WhiteCountry "WLS"]
[BlackCountry "CZE"]
[WhiteElo "1927"]
[WhiteRD "71"]
[BlackElo "1606"]
[BlackRD "58"]
[GameID "733458"]

1. c4 d5 2. cxd5 Qxd5 3. Nc3 Qd6 4. g3 e5 5. Bg2 c6 6. Nf3 Bg4 7. O-O Nf6 8. d4 exd4 9. Nxd4 Be7 10. h3 Bd7
11. Bf4 Qb4 12. a3 Qxb2 13. Na4 Qxa3 14. Rxa3 Bxa3 15. Qb3
1-0

[Event "Springs"]
[Site "SchemingMind.com"]
[Date "2023.04.23"]
[Round "-"]
[White "kenneth m day"]
[Black "Stephen Dunning"]
[Result "1/2-1/2"]
[WhiteCountry "USA"]
[BlackCountry "WLS"]
[WhiteElo "1682"]
[WhiteRD "62"]
[BlackElo "1888"]
[BlackRD "69"]
[GameID "733459"]

1. e4 e6 2. d4 d5 3. Nc3 dxe4 4. Nxe4 Nd7 5. Nf3 Ngf6 6. Bd3 Be7 7. O-O O-O 8. Re1 b6 9. h3 Bb7 10. Nxf6+ Nxf6
11. Bd2 Bxf3 12. Qxf3 Qxd4 13. c3 Qd5 14. Qxd5 Nxd5 15. Be4 Rad8 16. Rad1 Nf6 17. Bc2 b5 18. Be3 c5 19. f3 a5 20. Rxd8 Rxd8=
1/2-1/2

[Event "Springs"]
[Site "SchemingMind.com"]
[Date "2023.04.23"]
[Round "-"]
[White "Stephen Dunning"]
[Black "kenneth m day"]
[Result "0-1"]
[WhiteCountry "WLS"]
[BlackCountry "USA"]
[WhiteElo "1888"]
[WhiteRD "69"]
[BlackElo "1682"]
[BlackRD "62"]
[GameID "733460"]

1. d4 d5 2. Bf4 Nf6 3. e3 e6 4. Nf3 Be7 5. h3 O-O 6. Bd3 Nc6 7. O-O Nb4 8. Be2 Bd7 9. a3 Nc6 10. c4 Bd6
11. Bxd6 cxd6 12. Nc3 Rc8 13. cxd5 exd5 14. Qb3 b6 15. Ba6 Rc7 16. Nb5 Na5 17. Qd3 Bxb5 18. Bxb5 Ne4 19. Rac1 f5 20. Nd2 Nxd2
21. Qxd2 Nb3
0-1

[Event "Springs"]
[Site "SchemingMind.com"]
[Date "2023.04.22"]
[Round "-"]
[White "ray winteringham"]
[Black "Stephen Dunning"]
[Result "0-1"]
[WhiteCountry "ENG"]
[BlackCountry "WLS"]
[WhiteElo "1452"]
[WhiteRD "49"]
[BlackElo "1927"]
[BlackRD "71"]
[GameID "733461"]

1. e4 e6 2. d4 d5 3. Be3 dxe4 4. Nd2 Nf6 5. Bc4 b6 6. Ne2 Bb7 7. c3 Bd6 8. Qc2 O-O 9. O-O-O c5 10. dxc5 bxc5
11. Nb3 Qc7 12. Kb1 Ng4 13. g3 Nxe3 14. fxe3 Nd7 15. Rhg1 Nb6 16. Nd2 Nxc4 17. Nxc4 Be7 18. Rd2 Bd5 19. Na3 Rab8 20. c4 Bc6
21. Ka1 Bg5 22. Qc3 Bf6 23. Qc1 Qa5 24. Qc2 Bxb2+
0-1

[Event "Springs"]
[Site "SchemingMind.com"]
[Date "2023.04.23"]
[Round "-"]
[White "Stephen Dunning"]
[Black "ray winteringham"]
[Result "1-0"]
[WhiteCountry "WLS"]
[BlackCountry "ENG"]
[WhiteElo "1927"]
[WhiteRD "71"]
[BlackElo "1452"]
[BlackRD "49"]
[GameID "733462"]

1. e4 c5 2. Nf3 d5 3. exd5 Qxd5 4. Nc3 Qd8 5. d4 e6 6. Be3 cxd4 7. Qxd4 Nc6 8. Qxd8+ Nxd8 9. Bb5+ Bd7 10. Bxd7+ Kxd7
11. O-O-O+ Ke8 12. Nb5 Rc8 13. Bxa7 Nf6 14. Bb6 Nc6 15. Nc7+ Ke7 16. Bc5#
1-0

[Event "Springs"]
[Site "SchemingMind.com"]
[Date "2023.04.24"]
[Round "-"]
[White "Arnold Jones"]
[Black "Stephen Dunning"]
[Result "0-1"]
[WhiteCountry "ENG"]
[BlackCountry "WLS"]
[WhiteElo "1581"]
[WhiteRD "62"]
[BlackElo "1927"]
[BlackRD "71"]
[GameID "733463"]

1. d4 d5 2. Nf3 Nf6 3. Nc3 Bf5 4. Bf4 c5 5. dxc5 e6 6. b4 a5 7. Nb5 Na6 8. Nd6+ Bxd6 9. Bxd6 Ne4 10. Qd4 f6
11. c3 axb4 12. cxb4 Nxd6 13. cxd6 Qxd6 14. a3 O-O 15. e3 e5 16. Qb2 Nxb4 17. axb4 Rxa1+ 18. Qxa1 Qxb4+ 19. Nd2 Rc8 20. Be2 Rc2
21. Qd1 Qc3 22. O-O Qxd2 23. Qxd2 Rxd2 24. g4 Rxe2 25. gxf5 Rc2 26. Rb1 Rc7 27. Rb6 Rd7 28. Kg2 d4 29. exd4 exd4 30. Kf3 d3
31. Rb1 b5 32. Rd1 d2 33. Ke3 Kf7 34. Rxd2 Rxd2 35. Kxd2 Ke7 36. Kc3 Kd6 37. Kd4 Kc6 38. f3 Kb6 39. Kc3 Kc5
0-1

[Event "Springs"]
[Site "SchemingMind.com"]
[Date "2023.04.24"]
[Round "-"]
[White "Stephen Dunning"]
[Black "Arnold Jones"]
[Result "1-0"]
[WhiteCountry "WLS"]
[BlackCountry "ENG"]
[WhiteElo "1927"]
[WhiteRD "71"]
[BlackElo "1581"]
[BlackRD "62"]
[GameID "733464"]

1. d4 Nf6 2. c4 e6 3. Nc3 Bb4 4. e3 Ne4 5. Qc2 f5 6. Bd3 Nf6 7. Ne2 Bxc3+ 8. bxc3 d6 9. O-O Bd7 10. Re1 g5
11. e4 f4 12. e5 dxe5 13. dxe5 Ng4 14. Bxh7 Nxe5 15. Nxf4 Nbc6 16. Bg6+ Nxg6 17. Qxg6+ Kf8 18. Rxe6 Rg8 19. Ba3+ Qe7 20. Rf6#
1-0